| 000 | 00722nam a22002297a 4500 | ||
|---|---|---|---|
| 999 |
_c64097 _d64097 |
||
| 005 | 20240530110714.0 | ||
| 008 | 180213s2016 ua a g 000 0 ara d | ||
| 017 |
_a2015/13261 _bمصر. دار الكتب |
||
| 020 | _a9789772122153 | ||
| 040 |
_aEG-CaGPL _cEG-CaGPL |
||
| 082 | 0 | 4 |
_221 _a305.242/ _bط ش |
| 100 | 0 | _aطارق كمال | |
| 245 | 1 | 2 |
_aالشباب وقضايا المجتمع / _cطارق كمال . |
| 250 | _aط. 1 | ||
| 260 |
_aالقاهرة : _bمؤسسة شباب الجامعة ، _c2016. |
||
| 300 |
_a163 ص. ؛ _c24 سم. |
||
| 650 | 0 | 7 |
_aالشباب _2qrmak |
| 650 | 0 | 7 |
_aالتنمية _2qrmak |
| 651 | _2qrmak | ||
| 942 |
_2ddc _cBK |
||